Conflictos ambientales en Colombia : retos y perspectivas desde el enfoque de DDHH y la participación ciudadana (Registro nro. 7545)

Detalles MARC
000 -CABECERA
Campo de control 00839nam a22002177a 4500
005 - FECHA Y HORA DE LA ULTIMA TRANSACCION
Campo de control 20130813104055.0
008 - ELEMENTOS DE LONGITUD FIJA—INFORMACION GENERAL
Campo de control s2012 ck 000 spa d
020 ## - ISBN
ISBN 9789587382990
041 ## - IDIOMA
Código de idioma para texto/pista de sonido o título separado Español
044 ## - PAÍS DE PUBLICACIÓN
País de publicación Colombia
082 ## - NUMERO DE CLASIFICACION DECIMAL DEWEY
Número de clasificación 333.7209861
Número del ítem L84c
245 #0 - MENCION DE TITULO
Título Conflictos ambientales en Colombia : retos y perspectivas desde el enfoque de DDHH y la participación ciudadana
260 ## - PUBLICACION, DISTRIBUCION, ETC. (PIE DE IMPRENTA)
Lugar de publicación, distribución, etc. Bogotá
Nombre del editor, distribuidor, etc. Editorial Universidad del Rosario. Facultad de Jurisprudencia.
-- Ministerio de Ambiente y Desarrollo Sostenible. Colombia.
Fecha de publicación, distribución, etc. 2012
300 ## - DESCRIPCION FISICA
Extensión xv., 121 p.
Dimensiones 24 cm.
490 ## - MENCION DE SERIE
Mención de serie Colección de textos de jurisprudencia.
650 6# - ASIENTO SECUNDARIO DE MATERIA - TERMINO TEMATICO
Término temático o nombre geográfico como elemento de entrada Conflictos ambientales
Subdivisión geográfica Colombia
700 ## - ASIENTO SECUNDARIO - NOMBRE PERSONAL
Nombre personal Londoño-Toro, Beatriz
700 ## - ASIENTO SECUNDARIO - NOMBRE PERSONAL
Nombre personal Güiza-Suárez, Leonardo
700 ## - ASIENTO SECUNDARIO - NOMBRE PERSONAL
Nombre personal Muñoz-Avila, Lina Marcela
942 ## - ELEMENTOS ADICIONALES (KOHA)
Sistema de clasificación Dewey Decimal Classification
Tipo de ítem Impreso
Existencias
Withdrawn status Lost status Sistema de Clasificación Damaged status No para préstamo Colección Inventariado Ubicación Permanente Ubicación actual Fecha de adquisición Fuente de Valor Valor Total Checkouts Número topográfico Inventario / Código de Barras Date last seen Ejemplar Price effective from Forma de adquisición Tipo de material
    Dewey Decimal Classification     General Inventariado 2017 Bogotá Bogotá 13/08/2013 Instituto 39000.00   LB 333.7209861 L84c 058329 13/08/2013 Ej. 1 13/08/2013   Libro